000 00451nam a2200181Ia 4500
001 14274
005 20260306164902.0
008 260306t2011||||xx |||||||||||||| ||spa||
041 _aESP
082 _a510.33
_bL32 T. 2
100 _aLázaro Carrión, Moisés
_eAUT
245 0 _aMatemática para economistas:
_banálisis estático comparativo
260 _c2011
300 _a
_c
650 _aGEN
654 _aCMA
942 _cLIB
_dJUS
_fJUS
_2ddc
_n
999 _c14274
_d14274